| 000 | 00000nas 2200000za 4500 |
| 001 | 9.862483 |
| 003 | CaOODSP |
| 005 | 20221107161029 |
| 007 | cr ||||||||||| |
| 008 | 180927d19301948oncax p oss f000#a0eng|d |
| 040 | |aCaOODSP|beng |
| 043 | |an-cn--- |
| 086 | 1 |aCS63-D-20E-PDF|z63-D-20 |
| 245 | 00|aDrug store chains in Canada |h[electronic resource]. |
| 246 | 13|aDrug store chains|f1941, 1947-1948 |
| 246 | 13|aDrug store chains in Canada|f1930-1934, 1943-1946 |
| 260 | |aOttawa : |bDominion Bureau of Statistics, Census of Merchandising and Service Establishments, |c1934-1948. |
| 300 | |a10 v. |
| 310 | |aAnnual (irregular) |
| 362 | 0 |a1930-1948. |
| 490 | 0 |aD.B.S. memorandum |
| 500 | |aIssues for 1930-1934, 1943-1946 have title: Drug store chains in Canada. |
| 500 | |aIssues for 1941, 1947-1948 have title: Drug store chains. |
| 500 | |aIssue for 1948 published in the series: D.B.S. memorandum. |
| 500 | |aDigitized edition from print [produced by Statistics Canada]. |
| 515 | |aIssues for 1935-1940, 1942 not published. |
| 550 | |aIssued 1944-1946 by Merchandising and Services Branch; 1945-1947 by Merchandising and Services Statistics; 1948 by Dominion Bureau of Statistics. |
| 580 | |aMerged with: Retail chains in Canada; Retail food store chains; and Variety-store chains in Canada, to become: Retail chain stores. |
| 692 | 07|2gccst|aRetail trade |
| 710 | 1 |aCanada. |bDominion Bureau of Statistics. |bCensus of Merchandising and Service Establishments. |
| 710 | 1 |aCanada. |bDominion Bureau of Statistics. |bMerchandising and Services Branch. |
| 710 | 1 |aCanada. |bDominion Bureau of Statistics. |bMerchandising and Services Statistics. |
| 785 | 00|tRetail chain stores |w(CaOODSP)9.862469 |